Fant4stic (2015): Characters by Picture - Statistics

General Stats
  • This quiz has been taken 28 times
  • The average score is 5 of 8
Answer Stats
Picture Answer % Correct
The Thing
100%
Human Torch
94%
Invisible Woman
94%
Mr. Fantastic
94%
Doom
83%
Franklin Storm
39%
Jimmy Grimm
17%
Harvey Allen
11%
No matching quizzes found
Score Distribution
Percent of People with Each Score
Percentile by Number Answered
Your Score History
You have not taken this quiz